Most Popular Baby Girl Name by Year (United States) - Statistics

General Stats
  • This quiz has been taken 56 times
  • The average score is 111 of 145
Answer Stats
Hint Answer % Correct
1880 | 1881 | 1882 | +73 others Mary
89%
2019 | 2020 | 2021 | +3 others Olivia
84%
1970 | 1971 | 1972 | +12 others Jennifer
74%
2008 | 2014 | 2015 | +3 others Emma
66%
1996 | 1997 | 1998 | +9 others Emily
61%
1985 | 1986 | 1987 | +6 others Jessica
58%
2011 | 2012 | 2013 Sophia
53%
1947 | 1948 | 1949 | +3 others Linda
50%
1962 | 1963 | 1964 | +5 others Lisa
47%
2009 | 2010 Isabella
45%
1991 | 1992 Ashley
39%
No matching quizzes found
Score Distribution
Percent of People with Each Score
Percentile by Number Answered
Your Score History
You have not taken this quiz